000 00858nam a22002297a 4500
999 _c63889
_d63889
005 20240530110704.0
008 171225s2015 ua a g b 000 0dara d
017 _a2015/11822
_bمصر. دار الكتب
020 _a9789779103747
040 _aEG-CaGPL
_cEG-CaGPL
082 0 4 _221
_a808.8203\
_bح م
100 0 _aحمدى عبدالعزيز
245 1 0 _aمعاجم المسرحيات المترجمة والمعربة /
_cتأليف حمدى عبدالعزيز ؛ تصدير محمد عنانى .
250 _aط.1
260 _aالقاهرة :
_bالهيئة المصرية العامة للكتاب ،
_c2015 .
300 _a511 ص. ؛
_c24 سم.
650 0 7 _2qrmak
_aالمسرحيات
_vمعاجم
651 _2qrmak
700 0 _aمحمد عنانى
_eمصدر
942 _2ddc
_cBK